Online Catalogue and eLibrary

Gender Issues in Contemporary Society (Record no. 1577)

MARC details
000 -LEADER
fixed length control field 00522nam a2200205Ia 4500
005 - DATE AND TIME OF LATEST TRANSACTION
control field 20250115004818.0
008 - FIXED-LENGTH DATA ELEMENTS--GENERAL INFORMATION
fixed length control field 240331s9999 xx 000 0 und d
020 ## - INTERNATIONAL STANDARD BOOK NUMBER
ISBN 0803952309
082 ## - DDC Classification
Item Number - Author Mark STU
DDC Edition Number 3404
Class No. 305.3
245 #0 - TITLE STATEMENT
Title Gender Issues in Contemporary Society
260 ## - PUBLICATION, DISTRIBUTION, ETC.
Place of publication, distribution, etc. Newbury Park
-- London
-- New Delhi
Name of publisher, distributor, etc. Sage Publications
Date of publication, distribution, etc. 1993
300 ## - PHYSICAL DESCRIPTION
Extent (e.g. Volumes, Pages etc.) xii, 234 p.,
650 ## - SUBJECT ADDED ENTRY--TOPICAL TERM
Topical term or geographic name entry element Gender
650 ## - SUBJECT ADDED ENTRY--TOPICAL TERM
Topical term or geographic name entry element Society
650 ## - SUBJECT ADDED ENTRY--TOPICAL TERM
Topical term or geographic name entry element Women
650 ## - SUBJECT ADDED ENTRY--TOPICAL TERM
Topical term or geographic name entry element Men
700 ## - ADDED ENTRY--PERSONAL NAME
Personal name Oskamp, S
Relator term (Role) Editor
700 ## - ADDED ENTRY--PERSONAL NAME
Personal name Costanzo, M
Relator term (Role) Editor
942 ## - Koha item type (Biblio)
Koha item type Books in Stacks (Lending)
Holdings
Lost status Damaged status Collection code Home library Current library Shelving location Date acquired Full call number Accession Number Item type
    Lending WERC Library WERC Library Social Science Cupboard 03/31/2024 305.3 GEN 3404 Books in Stacks (Lending)

© WERC Library